[Event "ROM-chT"]
[Site "Sovata"]
[Date "1998.??.??"]
[Round "3"]
[White "Suba, Mihai"]
[Black "Badea, Bela"]
[Result "1/2-1/2"]
[WhiteElo "2535"]
[BlackElo "2545"]
[Annotator "Marin,M"]
[PlyCount "70"]
[EventDate "1998.??.??"]
[EventType "team"]
[EventRounds "5"]
[EventCountry "ROU"]
[SourceTitle "EXT 1999"]
[Source "ChessBase"]
[SourceDate "1998.11.16"]
[SourceVersion "1"]
[SourceVersionDate "1998.11.16"]
[SourceQuality "1"]

1. d4 g6 2. e4 Bg7 3. Nc3 d6 4. Be3 a6 5. Qd2 b5 6. f3 Nd7 7. a4 b4 8. Nd1 a5
9. Bb5 Bb7 10. c3 c6 11. Bd3 bxc3 12. bxc3 Ngf6 13. Bh6 O-O 14. Bxg7 Kxg7 15.
Ne2 e5 16. O-O d5 17. Nf2 c5 18. Rab1 Qc7 19. exd5 Nxd5 20. Bb5 N5f6 21. Bxd7
Nxd7 22. Ng4 exd4 23. cxd4 h5 24. Ne3 Ba6 25. Rfe1 (25. Nf5+ $1 gxf5 (25... Kf6
26. Nc3 $1 Kxf5 27. Nd5 Qd6 28. g4+ hxg4 (28... Ke6 29. Rfe1+ Kxd5 30. dxc5+
Kxc5 31. Rbc1+ Bc4 32. Rxc4+ $18) 29. fxg4+ Kxg4 30. Qh6 $3 Bxf1 31. Rxf1 cxd4
32. h3+ Kg3 33. Qg5+ Kxh3 34. Rf3+ Qg3+ 35. Qxg3#) 26. Qg5+ Kh7 27. Qxh5+ Kg7
28. Qg5+ Kh7 (28... Kh8 29. Qh6+ Kg8 30. Ng3 cxd4 31. Nxf5 Qe5 32. Qg5+ Kh8 33.
Rfe1 Qf6 34. Qh5+ Kg8 35. Ne7+ Kg7 36. Qg4+ Kh7 37. Qxd7 $16) 29. Qxf5+ Kg8 (
29... Kh6 30. Ng3 Rg8 31. Rfe1 $40) 30. Qg5+ Kh7 31. Ng3 Qc6 32. Nf5 Qf6 33.
Qh5+ Kg8 34. Qg4+ Kh7 35. f4 Rab8 $1 (35... Rfb8 36. Rbe1 Bxf1 (36... Rb3 37.
Qh5+ Kg8 38. Re7 $40) (36... Re8 37. Ra1 Bxf1 38. Ra3 Bxg2 39. Rg3 Qg6 40. Qh4+
Kg8 41. Kxg2 $14) 37. Re3 Bxg2 38. Rg3 $1 $18) 36. Rxb8 (36. Rbe1 Rfe8) 36...
Rxb8 37. Re1 Nf8 (37... cxd4 38. Qh3+ Kg8 39. Ne7+ Kg7 40. Qxd7 $16) 38. dxc5
$14) 25... Bxe2 26. Rxe2 Qd6 27. d5 Qf4 28. g3 Qd4 29. Qc2 Rfe8 30. Rd1 Qf6 31.
f4 Rad8 32. Kg2 Qa6 33. Nc4 Rxe2+ 34. Qxe2 Nf6 35. d6 Qc6+ 1/2-1/2

[Event "Tata Steel-A 76th"]
[Site "Wijk aan Zee"]
[Date "2014.01.26"]
[Round "11"]
[White "Naiditsch, Arkadij"]
[Black "Rapport, Richard"]
[Result "1-0"]
[WhiteElo "2718"]
[BlackElo "2691"]
[Annotator "Marin,M"]
[PlyCount "65"]
[EventDate "2014.01.11"]
[EventType "tourn"]
[EventRounds "11"]
[EventCountry "NED"]
[EventCategory "20"]
[SourceTitle "CBM 159"]
[Source "ChessBase"]
[SourceDate "2014.03.17"]
[SourceVersion "1"]
[SourceVersionDate "2014.03.17"]
[SourceQuality "1"]

1. e4 d6 2. d4 g6 3. Nc3 Bg7 4. Nf3 c6 5. Be3 Qc7 {The main idea behind these
modern opening schemes is to delay the natural development of the king's
knight in order to speed up the counterplay in the centre or on the queenside.
The main difficulty consists of spotting the moment when this policy starts to
be dangerous.} 6. Qd2 Nd7 ({I would already consider} 6... Nf6 {for instance}
7. e5 ({Or if} 7. h3 b5 8. e5 b4 $132) 7... dxe5 8. Nxe5 (8. dxe5 Ng4 {[%csl
Ge5]}) 8... O-O {with a reasonable position for Black.}) 7. O-O-O b5 {Very
provocative, but still OK.} ({Once again,} 7... Ngf6 {is an important
alternative, although things get more complicated:} 8. e5 dxe5 (8... Nd5 {
Jansen van Rensburg,M-Coskun,S Kemer 2007 (1/2, 33)} 9. Nxd5 cxd5 10. Bh6 $36)
9. dxe5 Ng4 10. e6 fxe6 11. Ng5 Nxe3 12. Nxe6 Qe5 13. Nxg7+ Kf7 $13) 8. e5 $5 {
The natural reaction to Black's stubborness with respect to the fate of the
g8-knight.} d5 $2 $16 {This immediately places Black in a very bad situation.
In older times, a common evaluation would be: a strategically lost position.
All the kingside pieces are out of play, while on the queenside the weakness
of the c5-square is more relevant than the illusory attacking chances. White
has a clear plan: h4-h5, increasing the strategic advantage and creating
attacking chances.} ({When one embarks on provocative play, one should also be
ready to accept challenges:} 8... dxe5 9. dxe5 b4 ({Actually, Black could also
try to do without this intermediate move:} 9... Nxe5 10. Nxe5 Bxe5 11. Bxb5 Be6
12. Nd5 Bxd5 13. Qxd5 Rc8 {and nothing serious is happening yet.}) 10. Ne4 Nxe5
11. Nxe5 Bxe5 {White should obviously have compensation for the pawn, but
Black is not that far behind in development to be in real danger. He will play
...Nf6 soon, preparing to castle.}) 9. h4 $1 $146 (9. Kb1 Nb6 10. b3 {looks
too slow.} Bg4 11. Bf4 {Berzinsh,R (2463)-Foisor,O (2422)/La Pobla de Lillet
2002/CBM 089 ext (1-0, 46)} e6 $5 $11) 9... Qa5 ({The same plan as in the game
above does not work out properly:} 9... Nb6 10. h5 Bg4 11. hxg6 hxg6 12. Rxh8
Bxh8 13. Bd3 Bxf3 14. gxf3 e6 {If he could just play ...Bg7-f8, ...Ne7, ...
0-0-0... But time is an important factor even in blocked positions.} 15. Rh1
Bg7 16. Rh7 Kf8 (16... Bf8 17. Bxg6) 17. Bg5 $18 {[%cal Gd2f4,Gd3g6]}) 10. h5
Nb6 (10... b4 11. Nb1 {does not offer Black any joy, either:} Rb8 (11... Qxa2
12. Qxb4 Rb8 13. Qc3 $16) 12. a3 e6 13. Be2 Qa4 14. axb4 Qxb4 15. Qxb4 Rxb4 16.
c3 Rb6 17. Kc2 Nh6 18. hxg6 hxg6 19. Bg5 $16 {[%csl Ga7,Gf6] White has an
advantage on both sides; with good technique, he should be entitled to count
on winning the game.}) 11. hxg6 fxg6 {A difficult decision. The last move
creates new weaknesses, worsening Black's position even more.} ({But} 11...
hxg6 12. Rxh8 Bxh8 13. b3 $5 {[%cal Gf1d3,Gd1h1] does not look too appealing,
either.}) 12. a3 (12. Kb1 $5 Nc4 13. Qc1 {[%cal Gf1d3]}) 12... Rb8 $6 (12...
Nc4 {was the last chance to maintain some uncertainty.}) 13. Ne4 $1 b4 ({If} 
13... Qxd2+ 14. Nexd2 {Black's structure on both sides looks desolate.}) 14.
Nc5 $18 {Once the knight has reached this fantastic square there is little
Black can hope for.} Nc4 15. Bxc4 dxc4 16. a4 c3 17. Qd3 cxb2+ 18. Kxb2 b3 19.
c3 {The series of attacking moves has come to an end and Black's development
is as bad as several moves ago.} Qd8 20. Rxh7 $1 Bf5 ({If} 20... Rxh7 21. Qxg6+
Kf8 {White does not even have to bother to retrieve the rook. Apparently,} 22.
Ng5 {leads to a mate in few moves.}) 21. Qc4 Kf8 (21... Rxh7 22. Qxg8+ {
loses the whole house.}) 22. Ng5 Qd5 23. Qxd5 ({It would have been slightly
more accurate to start the checking around without exchanging the queens:} 23.
Nge6+ Bxe6 24. Nxe6+ Kf7 25. Ng5+ Kf8 26. Qd3 $18) 23... cxd5 24. Nce6+ Bxe6
25. Nxe6+ Kf7 26. Rxg7+ Kxe6 27. Rxg6+ Kf7 28. Ra6 {Well, two extra pawns
should also be enough for a win!} Rb7 29. Ra1 Rh2 30. g3 e6 31. Ra3 Ne7 32.
Rxb3 Rc7 33. Kc2 1-0

[Event "BCF-ch 87th"]
[Site "Millfield"]
[Date "2000.08.09"]
[Round "9"]
[White "Chandler, Murray G"]
[Black "Hodgson, Julian M"]
[Result "0-1"]
[WhiteElo "2526"]
[BlackElo "2640"]
[Annotator "McShane,L"]
[PlyCount "56"]
[EventDate "2000.07.31"]
[EventType "swiss"]
[EventRounds "11"]
[EventCountry "ENG"]
[SourceTitle "CBM 077 Extra"]
[Source "ChessBase"]
[SourceDate "2000.09.14"]
[SourceVersion "1"]
[SourceVersionDate "2000.09.14"]
[SourceQuality "1"]

{The British Championship ended in victory again for Julian Hodgson. After a
miserable start of 1/2/2, Hodgson scored 71/2 from the next eight rounds to
lead a point clear going in to the final round.} 1. e4 g6 2. d4 Bg7 3. Nc3 c6
4. Bc4 d6 5. Qf3 {The Monkey's Bum, supposedly so-called because someone once
said on first being shown this Scholar's Mate like approach, 'If that works,
then I'm a monkey's bum!'} e6 ({Preventing Black's development with} 5... Nf6
6. e5 $1 {is the main point, of course, not simply Qxf7!}) 6. Nge2 b5 7. Bb3 a5
8. a3 Ba6 9. O-O Nd7 10. Bf4 Qe7 11. e5 d5 12. Qe3 f6 $5 {Hodgson typically
plays for maximum activity.} (12... h6 13. Qd2 Qd8 14. Rfe1 Ne7 15. Ng3 c5 16.
Nce2 cxd4 17. Nxd4 {was Nunn-Chandler from 1998, presumably Chandler was
aiming for a similar position against Hodgson where White's space advantage
promises an edge.}) 13. Rfe1 (13. exf6 Ngxf6 {is too cooperative.}) 13... fxe5
14. dxe5 Qf7 {Hodgson wants to develop his knight to e7, castle and then roll
his queenside pawn mass. If Black could play all this he would be left with a
significant initiative, so Chandler takes radical steps to prevent it.} 15.
Nxd5 $2 {In the game this swashbuckling sacrifice falls short. However, extra
force may be added if White plays the subtle} (15. a4 $5 b4 $140 16. Nb5 $1
cxb5 17. Bxd5 exd5 (17... Rc8 18. Nd4 {looks very risky for Black.}) 18. axb5
Bc8 (18... Bxb5 19. Nd4 Bc4 20. e6 {is more forceful with the knight already
on d4.}) 19. e6 Qe7 20. exd7+ Bxd7 21. Qb6 {when the power of the b-pawn and
the option of including the a1 rook makes the attack look very scary, though
by no means winning.}) 15... cxd5 16. Bxd5 exd5 (16... Rc8 17. Nd4 {forces
Black to take the bishop.}) 17. e6 Qe7 18. exd7+ {The attack is still
terrifying but Hodgson defends calmly.} Kf7 19. Qh3 Nf6 20. Nd4 Qxd7 21. Re6 (
21. Ne6 Rhe8 {covers everything.}) 21... Ne4 $1 {Rxf6+ was threatened, but
this knight move prevents that and thwarts the attack. The g7 bishop is
released, hitting d4, the e-file is cut and Wwhite is in trouble.} 22. Re1 Rad8
(22... Bxd4 23. R1xe4 dxe4 24. Rf6+ Ke8 (24... Ke7 25. Rf7+) 25. Re6+ Kd8 26.
Rd6 {complicates life for Black.}) 23. Qf3 Bxd4 24. Rxa6 Bxf2+ 25. Kh1 Rhf8 26.
Rxe4 dxe4 27. Qxf2 Qd1+ 28. Qg1 Kg8 $1 (28... Kg8 29. g3 (29. Bg3 Rf1) 29...
Qf3+ 30. Qg2 Rd1#) 0-1

[Event "Gashimov Memorial 3rd"]
[Site "Shamkir"]
[Date "2016.05.27"]
[Round "2"]
[White "Harikrishna, Pentala"]
[Black "Mamedyarov, Shakhriyar"]
[Result "1-0"]
[WhiteElo "2763"]
[BlackElo "2748"]
[Annotator "Mekhitarian,K"]
[PlyCount "65"]
[EventDate "2016.05.26"]
[EventType "tourn"]
[EventRounds "9"]
[EventCountry "AZE"]
[EventCategory "20"]
[SourceTitle "CBM 173"]
[Source "ChessBase"]
[SourceDate "2016.07.12"]
[SourceVersion "1"]
[SourceVersionDate "2016.07.12"]
[SourceQuality "1"]

1. e4 d6 2. d4 Nf6 3. Nc3 g6 4. Be3 a6 5. a4 Bg7 6. Nf3 O-O 7. Qd2 Nbd7 (7...
Nc6 {I always thought that whenever White plays a4, Black has to play more
actively with ...Nc6 (in some positions, the knight can now go to b4)} 8. h3 (
8. d5 Nb4 9. a5 c5 $1 {with good play} 10. h3 e6 $132 {and Black is fine.})
8... e5 9. d5 Ne7 (9... Nb4 {looks less appealing, now that Black won't have
the e6-break anymore} 10. a5 c5 11. Be2 $16 {with a good advantage, since
White has time to prepare Qd1, Nd2, Na4 planning both Nb6 and c3}) 10. g4 $5
Bd7 $13 {with a complex positional struggle, resembling a King's Indian
variation where White plays h3-g4.}) 8. h3 e5 $6 (8... c5 $1 9. Be2 (9. d5 Rb8
{b5 is threatened, because of the pressure on e4} 10. a5 b5 11. axb6 Qxb6 $132
{with active play for Black}) (9. dxc5 Nxc5 {could be even worse for White})
9... cxd4 10. Bxd4 {Bxd4 is natural when the N is already developed to d7} b6 {
either way, Black looks fine after Bb7, Qc7, Rac8.} 11. h4 $5 {probably too
creative, but it is an idea, as White hasn't castled yet} Bb7 12. h5 b5 $1 {
a typical strike when there is an attack happening with an open centre} (12...
Nxh5 $2 13. Bxg7 Kxg7 14. g4 Nhf6 15. Qh6+ Kg8 16. Ng5 $18) (12... Bxe4 $5) 13.
hxg6 hxg6 $132 {looks dangerous for Black, but the centre is quite unstable
too, and the counterplay is coming!}) 9. dxe5 $1 {Normally, whenever White
plays dxe5 in this kind of structure, Black benefits from the ocupationof the
c5-square. But here White also controls it nicely (and the B on g7 is not
ideally placed, it should stand on the a3-f8 diagonal).} dxe5 (9... Nxe5 10.
Nxe5 dxe5 11. Qxd8 Rxd8 12. Bc4 $14 {would allow a slight advantage for White,
but it would be less critical than the game.}) 10. Bc4 b6 11. O-O Bb7 12. Rfd1
{Black finds himself in a cramped position, where it is not easy to find
squares for his pieces.} Qe7 (12... a5 $5 {is interesting because it is not
clear which is White's next useful move (in the game, he was able to play Nd5
at once, but here e4 is simply hanging, because there is no attack on the
e7-queen)} 13. g4 $5 {threatening the subtle Qd3 followed by g5 (g5 right away
runs into Nxe4)} Qe8 $1 {followed by Rd8} (13... Nxe4 $6 14. Qxd7 Nxc3 15.
Bxf7+ Kh8 16. Qxd8 Raxd8 17. Rxd8 Rxd8 18. Ng5 {a difference from not having
the pawn on g5)} Rd1+ 19. Rxd1 Nxd1 20. Bc1 e4 21. b3 $16 {and Black is worse
due to his weak e4-pawn, and possible invasions with Ne6 for White}) 14. Nb5 $6
Nb8 $3 15. Nxc7 $2 Qc6 16. Nxa8 Qxc4 $17 {and White is in trouble, with e4
hanging and the chronic weaknesses on the long diagonal being felt.}) 13. Nd5
$1 {Forcing some exchanges, now Black's weaknesses in the queenside start to
be felt, mainly because his b7-bishop will disappear.} Nxd5 14. Bxd5 Bxd5 (
14... c6 $2 15. Bb3 {would be even worse, now b6 and d7 are attacked} Nc5 16.
Bxc5 Qxc5 17. Qd7 $1 Rab8 18. Qc7 $18 {followed by Ng5 or Rd7, winning.}) 15.
Qxd5 Nf6 16. Qc4 Rfe8 (16... a5 $5 {was another way to deal with the
positional issues. ...Qb4 is an idea now, and if White defends it, then Rfd8!
stopping the doubling on the d-file} 17. Rd3 (17. c3 Rfd8 $14 {White is always
slightly better, but again, it is better than what happened in the game}) 17...
Qb4 18. Qxb4 (18. Qxc7 $2 Qxb2 $13 {followed by Rac8, and Black is never worse}
) 18... axb4 19. Nd2 $1 $14 {heading to the queenside, and it is also
unpleasant for Black.}) 17. c3 a5 (17... Rac8 $1 18. Rd3 (18. Qxa6 Nxe4) 18...
Qe6 19. Qxe6 Rxe6) 18. Rd3 Qe6 {Trying to change the character of the game,
but it doesn't work well. In any case, the position was no picnic already.} (
18... Rad8 19. Rad1 Rxd3 20. Rxd3 $16) 19. Qxc7 Nxe4 20. Rad1 {White exchanged
the important e4-pawn, but the positional control remains.} Bf6 (20... Nc5 $5 {
the last chance to complicate matters} 21. Rd6 (21. Bxc5 $5 bxc5 22. Ng5 Qc4 {
and Black will have some kind of counterplay, creating at least practical
difficulties for White} 23. Rd7 Rf8 $14) 21... Qb3 22. R1d2 (22. Qxb6 $2 Qxb6
23. Rxb6 Nxa4 24. Rb7 Rab8 $11) 22... Qxa4 (22... Nxa4 23. Ng5 $1 {threatening
c4 followed by Rd8 (when Black plays ...Rf8 to defend f7)} Rf8 24. Rc6 $1 $40 {
stopping Rac8 and threatening moves like Rd7}) 23. Ng5 $1 Rf8 24. Rxb6 Rac8 25.
Qd6 $16) 21. Nd2 $1 {It's correct to say that White is already winning - the
strong control over the central file and the weaknesses of the black pawns
make it clear.} Nxd2 (21... Nc5 22. Bxc5 bxc5 23. Ne4 Be7 24. Rd5 $16 {was
also very weak for Black.}) 22. R1xd2 e4 (22... Rec8 23. Qxb6 Qxb6 24. Bxb6 e4
25. Rd6 $18) 23. Rd6 Be5 24. Rxe6 Bxc7 25. Rc6 Rec8 26. Kf1 $1 {It is never
too late to go wrong, Black was threatening ...Bh2+ and ...Rxc6.} Bd8 27. Rcd6
$1 {With precise moves, Harikrishna converts the advantage convincingly.} Rab8
28. Rd7 Bf6 29. Bf4 Ra8 30. Rb7 Rc6 (30... Rc4 {wouldn't change anything} 31.
Rxb6 Bh8 (31... Bg7 32. Ra6 $1 $18 {makes it all easier}) 32. Rbd6 Rf8 33. Bh6
Bg7 34. Bxg7 Kxg7 35. R2d4 $18 {with an easy win.}) 31. Rdd7 Rd8 $2 {The final
mistake. Nevertheless, the position was already lost.} (31... Rf8 32. Ke2 $18 {
followed by Bc7, and Black's queenside falls.}) 32. Rxd8+ Bxd8 33. Rb8 1-0

[Event "Sao Paulo zt 2.4"]
[Site "Sao Paulo"]
[Date "2001.??.??"]
[Round "6"]
[White "Matsuura, Everaldo"]
[Black "Leitao, Rafael Duailibe"]
[Result "0-1"]
[WhiteElo "2467"]
[BlackElo "2587"]
[Annotator "Melao,H"]
[PlyCount "102"]
[EventDate "2001.06.07"]
[EventType "tourn"]
[EventRounds "9"]
[EventCountry "BRA"]
[EventCategory "8"]
[SourceTitle "CBM 082 Extra"]
[Source "ChessBase"]
[SourceDate "2001.07.03"]
[SourceVersion "1"]
[SourceVersionDate "2001.07.03"]
[SourceQuality "1"]

1. e4 c5 2. c3 d5 3. exd5 Qxd5 4. d4 g6 5. Nf3 Bg7 6. Be2 cxd4 7. cxd4 Nf6 8.
Nc3 Qd8 9. O-O O-O 10. Be3 (10. d5 $5) 10... Be6 {[%csl Rd4,Gd5]} 11. Ne5 Nd5
12. Nd3 Nc6 13. Nxd5 (13. Nc5 $4 Nxe3 14. fxe3 Nxd4 $1 $19 15. Kh1 Nxe2 16.
Nxe6 $4 Qxd1 {0-1 Bosch Porta,D-Pavlovic,M/Andorra la Vella 1999/EXT 2000 (16)}
) 13... Bxd5 14. Nf4 Qd6 (14... Rc8 15. Nxd5 Qxd5 16. Bf3 Qb5 17. d5 Rfd8) 15.
Nxd5 Qxd5 {'La presión sobre el peón aislado crece'} 16. Bf3 Qb5 17. Bxc6 (17.
Re1 $5) 17... Qxc6 18. Qb3 Rfd8 19. Rac1 Qd7 20. Rc4 Rac8 21. Rxc8 Rxc8 22. h3
b5 23. a4 bxa4 24. Qb4 a5 $1 25. Qxa5 Bxd4 26. Rd1 e5 $19 27. Qxe5 Bxe5 28.
Rxd7 Bxb2 {[%cal Ya4a1]} 29. Ra7 a3 30. Bh6 f5 $1 (30... Bc1 $5 {[%cal Yc1h6]})
31. g3 Rc2 32. Be3 Kf8 33. Kg2 Ke8 34. Kf3 Kd8 35. g4 fxg4+ 36. hxg4 Kc8 37.
Kf4 Rc7 38. Ra4 Kd7 39. Kg5 Kc6 40. f4 Kb5 41. Ra8 Rc6 {[%cal Ya3a1,Gb5b3,
Gb5c4,Gc4b3]} 42. Bd4 Bxd4 43. Rxa3 Bg7 $1 44. Rb3+ Kc4 45. Rb7 h6+ 46. Kh4
Bf6+ 47. Kg3 Kd5 48. Rh7 g5 49. Rxh6 (49. fxg5 hxg5 50. Kf3 Rc3+ 51. Kg2 Ke4
$19) 49... gxf4+ 50. Kf3 Bg5 51. Rh5 Rg6 0-1

[Event "Metz op 30th"]
[Site "Metz"]
[Date "2012.04.17"]
[Round "6"]
[White "Korneev, Oleg"]
[Black "Shanava, Konstantine"]
[Result "1/2-1/2"]
[WhiteElo "2597"]
[BlackElo "2585"]
[Annotator "Metz Alekhine/Primel,D"]
[PlyCount "114"]
[EventDate "2012.04.14"]
[EventType "swiss"]
[EventRounds "9"]
[EventCountry "FRA"]
[SourceTitle "EXT 2013"]
[Source "ChessBase"]
[SourceDate "2012.11.22"]
[SourceVersion "1"]
[SourceVersionDate "2012.11.22"]
[SourceQuality "1"]

1. e4 g6 2. d4 Bg7 3. Nc3 d6 4. f4 Nc6 (4... Nf6) 5. Be3 Nf6 6. Nf3 e6 {
[%cal Gc6e7] Le géorgien reprend son idée Ne7 jouée а la ronde contre PAP} 7.
Qd2 a6 8. O-O-O (8. h3 {Pap,M (2501)-Shanava,K (2585) Metz op 30th  2012 (4)
0-1}) 8... Ne7 9. e5 Nfd5 10. Nxd5 exd5 (10... Nxd5 11. Bf2) 11. h3 Bf5 12. Bd3
Qd7 13. Bxf5 Nxf5 14. Bf2 O-O (14... h5 15. g4) 15. g4 Ne7 16. Rde1 (16. f5 $5
{[%cal Gh1g1] L'acceptation du P est trés risquée pour les Noirs.}) 16... Rae8
17. Kb1 Nc6 18. g5 {[%csl Rf2]} h5 19. gxh6 Bxh6 20. Be3 {[%cal Gf4f5]} Qf5 (
20... Ne7 21. f5 Bxe3 22. Qxe3 Nxf5 23. Qg5 $44 {[%cal Gh3h4,Gh4h5]}) 21. h4
Qh5 {[%csl Rh5] "La Q est un mauvais bloqueur"} 22. f5 $1 Bxe3 23. Qxe3 dxe5
24. dxe5 d4 25. Qb3 Qxf5 26. h5 $44 g5 27. Rhg1 (27. Nxg5 $5 {Le GMI a
probablement vu ce pseudo sacrifice} Nxe5) 27... g4 $1 28. Qd3 Qxd3 29. Rxg4+
Qg6 $1 {Un coup intermédiaire qui soulage la défense des Noirs} 30. hxg6 fxg6
31. Rxg6+ Kf7 32. Rg4 Ke6 $1 33. Nxd4+ Nxd4 34. Rxd4 Rf5 35. Rb4 b6 36. Rbe4
$11 Rh8 37. b3 Rhh5 38. Rc4 c5 (38... Rh7) 39. Rg4 Rfg5 40. Rxg5 Rxg5 41. Rh1
Rg6 42. Rh5 Kd5 43. Kb2 Re6 44. c4+ Kd4 45. a4 a5 46. Kc2 Rxe5 47. Rh4+ {
Les Blancs sont combatifs mais la symétrie de la structure assure la nulle} Re4
48. Rh6 Re2+ 49. Kd1 Rb2 50. Rxb6 Kc3 51. Rb5 Rxb3 52. Rxc5 Kb4 53. Rb5+ Kxc4
54. Rxa5 Kb4 55. Ra8 Ra3 56. Kc2 Rxa4 57. Rxa4+ Kxa4 1/2-1/2